[Event "Mondiale Lampo FIDE 2022"]
[Site "Alma Ata"]
[Date "29.12.2022"]
[Round "8.33"]
[White "Esipenko, Andrey"]
[Black "Nguyen, Thai Dai Van"]
[Result "1-0"]
[WhiteTitle ""]
[BlackTitle ""]
[WhiteElo "2678"]
[BlackElo "2656"]
[WhiteFideId "24175439"]
[BlackFideId "358878"]
[EventDate "29.12.2022"]

1. e4 c5 2. Nf3 e6 3. d4 cxd4 4. Nxd4 Nc6 5. Nc3 Nf6 6. a3 Be7 7. Nxc6 bxc6 8.
e5 Nd5 9. Qg4 g6 10. Qg3 Rb8 11. Ne4 Ba6 12. c4 Qa5+ 13. Bd2 Qa4 14. Nf6+ Nxf6
15. exf6 Rb3 16. Qf4 Bd8 17. h4 Rxb2 18. h5 Ba5 19. Rd1 Qxa3 20. Rh3 Bxd2+ 21.
Qxd2 Rxd2 22. Rxa3 Rxd1+ 23. Kxd1 Bc8 24. Rxa7 gxh5 25. Be2 d5 26. Re7+ Kd8 27.
Bxh5 Rf8 28. Bxf7 e5 29. cxd5 cxd5 30. Bxd5 Rxf6 31. Ke1 h6 32. Rxe5 Bf5 33. g3
Kd7 34. Re3 Kd6 35. Bc4 Bg4 36. Kf1 Bh3+ 37. Kg1 Bd7 38. Be2 Re6 39. Rd3+ Kc5
40. Rxd7 Rxe2 41. Kg2 Re6 42. Kf3 Kc6 43. Rf7 Kd6 44. Kg4 Ke5 45. f4+ Ke4 46.
Kh5 Kf3 47. g4 Re2 48. g5 Rh2+ 49. Kg6 hxg5 50. fxg5+ Ke4 51. Re7+ Kd5 52. Kg7
Kd6 53. Re3 Kd5 1-0

[Event "Mondiale Lampo FIDE 2022"]
[Site "Alma Ata"]
[Date "29.12.2022"]
[Round "8.34"]
[White "Tari, Aryan"]
[Black "Paravyan, David"]
[Result "0-1"]
[WhiteTitle ""]
[BlackTitle ""]
[WhiteElo "2659"]
[BlackElo "2586"]
[WhiteFideId "1510045"]
[BlackFideId "4194985"]
[EventDate "29.12.2022"]

1. e4 e5 2. Nf3 Nf6 3. Nxe5 d6 4. Nf3 Nxe4 5. Qe2 Qe7 6. g3 Nc6 7. Bg2 Bg4 8.
O-O O-O-O 9. Re1 Re8 10. d3 Nc5 11. Qxe7 Bxe7 12. Be3 Bf6 13. Nc3 Nb4 14. Rec1
a6 15. a3 Nc6 16. Re1 h6 17. Rad1 Nd7 18. h3 Bh5 19. g4 Bg6 20. Bc1 Nde5 21. Nd5
Nxf3+ 22. Bxf3 Bg5 23. Be3 Nd8 24. Bxg5 hxg5 25. Ne7+ Kd7 26. Nxg6 fxg6 27. Rxe8
Kxe8 28. Re1+ Kf7 29. Kg2 c6 30. Kg3 Ne6 31. Bg2 Kf6 32. c3 Nf4 33. Bf1 a5 34.
d4 b5 35. Re3 d5 36. Re1 Ne6 37. Re3 Rb8 38. Rf3+ Ke7 39. h4 gxh4+ 40. Kxh4 b4
41. axb4 axb4 42. Bd3 g5+ 43. Kg3 bxc3 44. bxc3 Rb3 45. Bc2 Ra3 46. Re3 Kd6 47.
Bf5 Nf4 48. Kf3 g6 49. Bc2 Ra2 50. Bb1 Ra1 51. Bc2 Rh1 0-1

[Event "Mondiale Lampo FIDE 2022"]
[Site "Alma Ata"]
[Date "29.12.2022"]
[Round "8.35"]
[White "Predke, Alexandr"]
[Black "Suleymanli, Aydin"]
[Result "0-1"]
[WhiteTitle ""]
[BlackTitle ""]
[WhiteElo "2684"]
[BlackElo "2543"]
[WhiteFideId "24107581"]
[BlackFideId "13413937"]
[EventDate "29.12.2022"]

1. Nf3 d5 2. g3 Nf6 3. Bg2 Nbd7 4. d4 Nb6 5. a4 a5 6. b3 Bf5 7. Ba3 g6 8. Nh4
Bc8 9. O-O Bg7 10. Nd2 O-O 11. c4 dxc4 12. Nxc4 Nfd5 13. Rc1 Nxc4 14. bxc4 Nb4
15. d5 Na2 16. Rc2 Nb4 17. Rd2 Ra6 18. e4 Bd7 19. Re1 Qe8 20. e5 Bxa4 21. Qc1 c5
22. f4 b5 23. Bf1 bxc4 24. Bxc4 Bb5 25. Nf3 Qb8 26. Ng5 h6 27. Ne4 Rd8 28. d6
exd6 29. Nxd6 Raxd6 30. Rxd6 Rxd6 31. exd6 Bd4+ 32. Kf1 Qb7 33. Bxb5 Qf3# 0-1

[Event "Mondiale Lampo FIDE 2022"]
[Site "Alma Ata"]
[Date "29.12.2022"]
[Round "8.36"]
[White "Sargissian, Gabriel"]
[Black "Muradli, Mahammad"]
[Result "0-1"]
[WhiteTitle ""]
[BlackTitle ""]
[WhiteElo "2699"]
[BlackElo "2540"]
[WhiteFideId "13300881"]
[BlackFideId "13409301"]
[EventDate "29.12.2022"]

1. d4 Nf6 2. Nf3 g6 3. c4 Bg7 4. Nc3 O-O 5. e4 d6 6. Be2 e5 7. O-O Bg4 8. dxe5
Bxf3 9. exf6 Bxe2 10. Qxe2 Bxf6 11. Bh6 Re8 12. Nd5 Bh8 13. Rfe1 Nd7 14. Qd2 c6
15. Nc3 Nc5 16. f3 Qe7 17. Be3 a5 18. Rad1 Rad8 19. Bg5 Bf6 20. Bxf6 Qxf6 21.
Qd4 Qe5 22. b3 h5 23. Re2 Ne6 24. Qxe5 dxe5 25. Red2 Rxd2 26. Rxd2 Kf8 27. Rd7
Nc5 28. Rd2 Ke7 29. Kf2 Ne6 30. Ke3 h4 31. Na4 f6 32. Nb6 Rd8 33. Rxd8 Kxd8 34.
c5 Nxc5 35. Nc4 a4 36. b4 Na6 37. a3 b5 38. Nd6 Kd7 39. Nb7 Kc7 0-1

[Event "Mondiale Lampo FIDE 2022"]
[Site "Alma Ata"]
[Date "29.12.2022"]
[Round "8.37"]
[White "Moussard, Jules"]
[Black "Tin, Jingyao"]
[Result "1-0"]
[WhiteTitle ""]
[BlackTitle ""]
[WhiteElo "2684"]
[BlackElo "2562"]
[WhiteFideId "642908"]
[BlackFideId "5804418"]
[EventDate "29.12.2022"]

1. c4 c6 2. Nf3 d5 3. e3 Nf6 4. b3 Bf5 5. Be2 h6 6. Nc3 e6 7. O-O Bd6 8. Bb2 O-O
9. d3 Bh7 10. a3 a5 11. h3 Nbd7 12. d4 Qe7 13. Bd3 Ne4 14. Qc2 f5 15. Ne2 g5 16.
Ne5 Bxe5 17. dxe5 Nec5 18. cxd5 cxd5 19. f4 Nxd3 20. Qxd3 Nc5 21. Qd1 Bg6 22.
Nd4 Qd7 23. a4 Rac8 24. Ba3 Ne4 25. Bxf8 Rxf8 26. Rc1 Bf7 27. Qd3 Qe7 28. Rc2
gxf4 29. exf4 Kh8 30. g4 Bg6 31. Rg2 fxg4 32. hxg4 Bh7 33. Kh2 Rc8 34. Nb5 Qg7
35. Qh3 Kg8 36. Kg1 1-0

[Event "Mondiale Lampo FIDE 2022"]
[Site "Alma Ata"]
[Date "29.12.2022"]
[Round "8.38"]
[White "Sargsyan, Shant"]
[Black "Gharibyan, Mamikon"]
[Result "0-1"]
[WhiteTitle ""]
[BlackTitle ""]
[WhiteElo "2645"]
[BlackElo "2480"]
[WhiteFideId "13306766"]
[BlackFideId "13308300"]
[EventDate "29.12.2022"]

1. d4 Nf6 2. c4 e6 3. Nf3 d5 4. Nc3 Bb4 5. Qa4+ Nc6 6. e3 O-O 7. Qc2 Re8 8. Bd2
Bf8 9. Be2 Nb4 10. Qb1 dxc4 11. Bxc4 b6 12. a3 Ba6 13. Be2 Bxe2 14. Nxe2 Na6 15.
b4 c5 16. O-O Rc8 17. dxc5 bxc5 18. b5 Nb8 19. Rd1 c4 20. a4 Nbd7 21. e4 Nc5 22.
Bg5 Qc7 23. Bxf6 gxf6 24. Ned4 Nd3 25. Nc6 Qf4 26. Rxd3 cxd3 27. Qxd3 Bc5 28. g3
Qc7 29. Qc3 Bf8 30. Rc1 Bg7 31. Qc5 Qb7 32. Kg2 Kh8 33. a5 Red8 34. a6 Qc7 35.
Rc4 Rd3 36. e5 f5 37. Rh4 h6 38. Qxa7 Qxa7 39. Nxa7 Rb8 40. Rb4 Ra3 41. Nc6 Rb6
42. a7 Bf8 43. Rb1 Bc5 44. Ne1 Rb7 45. Nc2 Ra4 46. Ne3 Bxa7 47. Nd8 Rd7 48. Nc6
Bb6 49. Rc1 Bxe3 50. fxe3 Rd2+ 51. Kf3 Raa2 52. Rf1 Rab2 53. Nd4 Rxh2 54. g4
Rh3+ 55. Kf4 Rh4 56. Kf3 Rxg4 57. Rh1 Kg7 58. Rc1 Kg6 59. Rc8 h5 60. Nc6 Rxb5
61. Ne7+ Kg7 62. Rg8+ Kh7 63. Rf8 Rg7 64. Nc6 Rc5 65. Nd8 Rc7 66. Kf4 h4 0-1

[Event "Mondiale Lampo FIDE 2022"]
[Site "Alma Ata"]
[Date "29.12.2022"]
[Round "8.39"]
[White "Yoo, Christopher Woojin"]
[Black "Yudin, Sergei"]
[Result "1-0"]
[WhiteTitle ""]
[BlackTitle ""]
[WhiteElo "2575"]
[BlackElo "2469"]
[WhiteFideId "30909694"]
[BlackFideId "4159659"]
[EventDate "29.12.2022"]

1. e4 d6 2. d4 Nf6 3. Nc3 e5 4. Nf3 Nbd7 5. Rg1 c6 6. g4 g6 7. g5 Nh5 8. Be3 Be7
9. Qd2 O-O 10. O-O-O b5 11. Kb1 Qc7 12. Ne2 Nb6 13. Ng3 Bg4 14. Be2 Nc4 15. Qc3
Nxe3 16. fxe3 Rad8 17. dxe5 Nxg3 18. hxg3 dxe5 19. Rdf1 Bxf3 20. Rxf3 Bxg5 21.
Bxb5 Qb6 22. Bc4 Qc7 23. Rgf1 Rd7 24. a3 Kg7 25. Ka2 f6 26. g4 Qb6 27. Rh3 h6
28. Bb3 Rfd8 29. Rhf3 Qb5 30. Bc4 Qc5 31. b4 Qb6 32. Bd3 Rc7 33. Qc4 c5 34. b5
Re7 35. Rb1 Qe6 36. Qxe6 Rxe6 37. a4 Red6 38. a5 h5 39. gxh5 gxh5 40. Kb3 c4+
41. Bxc4 Rc8 42. Bd5 h4 43. c4 Rh8 44. c5 Rdd8 45. Rh3 f5 46. b6 Be7 47. bxa7
Bxc5 48. a8=Q Rxa8 49. Bxa8 Rxa8 50. Rxh4 Rxa5 51. Rg1+ Kf6 52. Rh6+ Kf7 53.
Rh7+ Kf6 54. Rhg7 fxe4 55. R7g3 Ba7 56. Rf1+ Ke6 57. Kb4 Ra2 58. Rg6+ Ke7 59.
Rg7+ Ke6 60. Rg3 Rb2+ 61. Kc4 Rc2+ 62. Kb3 Re2 63. Kc4 Bxe3 64. Rg6+ Ke7 65. Rb1
Kf7 66. Ra6 Rc2+ 67. Kd5 Rc5+ 68. Kxe4 1-0

[Event "Mondiale Lampo FIDE 2022"]
[Site "Alma Ata"]
[Date "29.12.2022"]
[Round "8.41"]
[White "Kobalia, Mikhail"]
[Black "Yilmaz, Mustafa"]
[Result "1-0"]
[WhiteTitle ""]
[BlackTitle ""]
[WhiteElo "2577"]
[BlackElo "2617"]
[WhiteFideId "4119150"]
[BlackFideId "6302718"]
[EventDate "29.12.2022"]

1. e4 e5 2. Nf3 Nc6 3. Bb5 a6 4. Ba4 Nf6 5. O-O Be7 6. Re1 b5 7. Bb3 O-O 8. a4
b4 9. d4 d6 10. dxe5 Nxe5 11. Nxe5 dxe5 12. Qxd8 Rxd8 13. Nd2 Bc5 14. Nf3 Ng4
15. Be3 Bxe3 16. fxe3 Rd6 17. Rad1 Be6 18. Bxe6 fxe6 19. h3 Nf6 20. Nxe5 Nxe4
21. Nc4 Rd5 22. Rd4 Nf6 23. Red1 Rad8 24. Rxd5 exd5 25. Ne5 c5 26. Nd3 Rc8 27.
Nf4 Rd8 28. e4 Nxe4 29. Rxd5 Rxd5 30. Nxd5 Kf7 31. Kf1 Nd6 32. Ke2 a5 33. Kd3
Ke6 34. Nb6 Ke5 35. Nc4+ Kd5 36. Nxd6 Kxd6 37. Kc4 Kc6 38. h4 h5 39. g3 g6 40.
b3 Kd6 41. Kb5 Kd5 42. Kxa5 Kc6 43. Ka6 c4 44. a5 c3 45. Ka7 Kc5 46. a6 Kd4 47.
Kb6 Ke3 48. a7 Kd2 49. a8=Q Kxc2 50. Qa2+ Kd1 51. Kc5 c2 52. Qxc2+ Kxc2 53. Kxb4
Kd3 54. Kc5 Ke4 55. b4 1-0

[Event "Mondiale Lampo FIDE 2022"]
[Site "Alma Ata"]
[Date "29.12.2022"]
[Round "8.42"]
[White "Vallejo Pons, Francisco"]
[Black "Kovalev, Vladislav"]
[Result "1/2-1/2"]
[WhiteTitle ""]
[BlackTitle ""]
[WhiteElo "2716"]
[BlackElo "2623"]
[WhiteFideId "2205530"]
[BlackFideId "13504398"]
[EventDate "29.12.2022"]

1. e4 e5 2. Nf3 Nc6 3. Nc3 Nf6 4. g3 Bb4 5. Bg2 Bxc3 6. dxc3 O-O 7. Qe2 d6 8.
Nd2 Be6 9. c4 a6 10. O-O Nd7 11. b3 b5 12. Bb2 Qb8 13. f4 f6 14. Rfe1 Qb6+ 15.
Kh1 Nd4 16. Qd1 bxc4 17. Bf1 cxb3 18. axb3 Nc6 19. Nc4 Qb7 20. Ne3 Kh8 21. Bg2
a5 22. Bc3 Nc5 23. f5 Bf7 24. g4 a4 25. b4 Nxb4 26. Rb1 Nca6 27. Bxb4 Nxb4 28.
c3 Bb3 29. Rxb3 axb3 30. Qxb3 Rfb8 31. cxb4 Qxb4 32. Qd1 Ra2 33. h4 h6 34. g5
Qd2 35. Qxd2 Rxd2 36. g6 Rdb2 37. Bf3 Rb1 38. Bd1 R8b3 39. Kg2 R3b2+ 40. Kf3 Kg8
41. h5 Kf8 42. Re2 Rxe2 43. Kxe2 c6 44. Kd3 Ke7 45. Ba4 Rb6 46. Kc3 Kd8 47. Bb3
Ke7 48. Ng4 Rb8 49. Ba4 Kd7 50. Bb3 d5 51. exd5 cxd5 52. Bxd5 Kd6 53. Bb3 e4 54.
Nxf6 gxf6 55. g7 Ke5 56. g8=Q Rxg8 57. Bxg8 Kxf5 58. Kd2 Kf4 59. Ke2 f5 60. Bh7
Kg5 61. Ke3 1/2-1/2

[Event "Mondiale Lampo FIDE 2022"]
[Site "Alma Ata"]
[Date "29.12.2022"]
[Round "8.43"]
[White "Yakubboev, Nodirbek"]
[Black "Gelfand, Boris"]
[Result "0-1"]
[WhiteTitle ""]
[BlackTitle ""]
[WhiteElo "2647"]
[BlackElo "2667"]
[WhiteFideId "14203987"]
[BlackFideId "2805677"]
[EventDate "29.12.2022"]

1. e4 c5 2. Nf3 Nc6 3. Bb5 e6 4. Bxc6 bxc6 5. d3 Ne7 6. b3 d6 7. O-O e5 8. Nfd2
Ng6 9. Nc4 Be7 10. Nbd2 O-O 11. Ne3 f5 12. exf5 Bxf5 13. Nxf5 Rxf5 14. Ne4 d5
15. Ng3 Rf7 16. Qg4 Qc7 17. Bd2 Raf8 18. Rae1 Kh8 19. Bg5 Nf4 20. Bxe7 Qxe7 21.
Re3 Rf6 22. Rfe1 Rg6 23. Qd1 Re6 24. Ne2 Ng6 25. Ng3 Qh4 26. Qh5 Qb4 27. Qd1
Ref6 28. Rf1 R6f7 29. h3 Qh4 30. Qg4 Qd8 31. Qd1 Qa5 32. a4 Qb4 33. Qg4 Qc3 34.
Qd1 Qd4 35. Qg4 Nf4 36. Rfe1 Ng6 37. Qxd4 cxd4 38. R3e2 c5 39. Nf1 h6 40. Nh2 h5
41. g3 Kh7 42. Kg2 Kh6 43. Nf1 Kh7 44. Nd2 Kh6 45. Nb1 a6 46. Rd2 h4 47. Rde2
hxg3 48. fxg3 e4 49. dxe4 dxe4 50. Rxe4 Rf2+ 51. Kg1 Rxc2 52. R4e2 Rxe2 53. Rxe2
Rf3 54. Nd2 Rxg3+ 55. Kh2 Rxh3+ 56. Kxh3 Nf4+ 57. Kg4 Nxe2 58. Kf5 g5 59. Ne4 d3
60. Nd2 Kh5 61. Ke4 Nf4 62. Kf3 Kg6 63. Kg4 Nd5 64. Kf3 Kf5 65. Nc4 g4+ 66. Kg3
Ke4 67. Nd2+ Ke3 68. Nc4+ Kd4 69. Kf2 Kc3 70. Ne5 d2 71. Ke2 Ne3 0-1

[Event "Mondiale Lampo FIDE 2022"]
[Site "Alma Ata"]
[Date "29.12.2022"]
[Round "8.44"]
[White "Ponkratov, Pavel"]
[Black "Adhiban, Baskaran"]
[Result "1-0"]
[WhiteTitle ""]
[BlackTitle ""]
[WhiteElo "2577"]
[BlackElo "2611"]
[WhiteFideId "4157800"]
[BlackFideId "5018471"]
[EventDate "29.12.2022"]

1. g3 c5 2. Bg2 Nc6 3. e4 g6 4. c3 Bg7 5. Ne2 e5 6. O-O Nge7 7. d3 O-O 8. f4
exf4 9. Nxf4 d6 10. Na3 Rb8 11. Nc2 f5 12. Ne3 fxe4 13. dxe4 Ne5 14. Qb3+ Kh8
15. Ned5 b5 16. a4 b4 17. cxb4 Nxd5 18. Nxd5 Rxf1+ 19. Bxf1 Be6 20. b5 a6 21.
Bf4 g5 22. Bd2 g4 23. Bc3 Nf3+ 24. Kh1 Qg5 25. Bxg7+ Qxg7 26. Qc3 axb5 27. Qxg7+
Kxg7 28. axb5 Nd4 29. Ra7+ Kh6 30. Nf4 Bg8 31. Ra6 Nxb5 32. e5 Kg5 33. exd6 Nd4
34. d7 Rd8 35. Rd6 Nf5 36. Rc6 Rxd7 37. Rxc5 Kf6 38. Bd3 Ne3 39. Kg1 Rb7 40. Rb5
Rxb5 41. Bxb5 Bb3 42. Be2 Kg5 43. Kf2 Nf5 44. Bd3 h6 45. Bxf5 Kxf5 46. Ke3 Ke5
47. Nd3+ Kf5 48. Kd4 h5 49. Nc5 Bd1 50. b4 Be2 51. Nd3 Kg5 52. b5 Bf3 53. b6 h4
54. Ke5 h3 55. Nc5 1-0

[Event "Mondiale Lampo FIDE 2022"]
[Site "Alma Ata"]
[Date "29.12.2022"]
[Round "8.45"]
[White "Idani, Pouya"]
[Black "Nogerbek, Kazybek"]
[Result "0-1"]
[WhiteTitle ""]
[BlackTitle ""]
[WhiteElo "2637"]
[BlackElo "2468"]
[WhiteFideId "12510130"]
[BlackFideId "13710427"]
[EventDate "29.12.2022"]

1. e4 g6 2. d4 Bg7 3. Nf3 d6 4. Be2 Nf6 5. Nc3 O-O 6. O-O Bg4 7. Be3 Nc6 8. d5
Bxf3 9. Bxf3 Ne5 10. Be2 c6 11. a4 Qa5 12. Ra3 Rfc8 13. f4 Ned7 14. Qd2 Nc5 15.
Bf3 Qb4 16. Rb1 a5 17. dxc6 bxc6 18. Raa1 Rab8 19. Qe1 Nfd7 20. Kh1 Ne6 21. Bd2
Qc5 22. Be2 Nb6 23. Qf1 Nd7 24. Bd3 Qb6 25. Nd1 Nec5 26. Qe1 Nxd3 27. cxd3 Nc5
28. Ra3 Qa6 29. Qe2 Rb3 30. Rxb3 Nxb3 31. Bc3 Rb8 32. Bxg7 Kxg7 33. Nc3 Rb4 34.
f5 Nc5 35. Rd1 Rd4 36. fxg6 hxg6 37. Qf2 Rxd3 38. Rf1 f6 39. e5 Nd7 40. exd6
Rxd6 41. Re1 Ne5 42. h3 Qb7 43. Ne4 Nd3 44. Qe3 Nxe1 45. Nxd6 exd6 46. Qxe1 Qc7
47. b4 axb4 48. Qxb4 c5 49. Qc4 Kf8 50. Qe6 Qd8 51. a5 Qxa5 52. Qxf6+ Ke8 53.
Qe6+ Kd8 54. Qxd6+ Kc8 55. Qxg6 Qc3 56. Qg4+ Kc7 57. h4 c4 58. h5 Qc2 59. h6
Qc1+ 60. Kh2 Qxh6+ 61. Kg3 Qe3+ 62. Kh2 c3 63. Qc4+ Kd6 64. Qb4+ Kd5 65. Qb3+
Kd4 66. Qb6+ Kd3 67. Qb5+ Kd2 68. Qb4 Qe5+ 69. g3 Kd3 70. Qb3 Qc5 71. Qd1+ Kc4
72. Qa4+ Qb4 73. Qc6+ Kb3 74. Qf3 Kb2 75. Qf6 Ka2 76. Qa6+ Kb1 77. Qf1+ Kb2 78.
Qf6 Qc4 79. Kh3 Kb1 80. Qb6+ Ka2 81. Qa7+ Kb2 82. Qb6+ Kc1 83. Qe3+ Kd1 84. Qf3+
Kd2 85. Qf2+ Qe2 86. Qd4+ Qd3 87. Qb4 Kd1 88. Qb3+ Ke2 89. Qe6+ Kf2 90. Qb6+ Qe3
91. Qf6+ Kg1 92. Qf5 Qh6+ 93. Kg4 Qd2 94. Qc5+ Kf1 95. Qf5+ Ke1 96. Kh3 c2 97.
Qe5+ Kd1 98. Qh5+ Kc1 99. Qe5 Qd7+ 100. g4 Qd3+ 101. Kh4 Kd1 102. Qa1+ c1=Q 0-1

[Event "Mondiale Lampo FIDE 2022"]
[Site "Alma Ata"]
[Date "29.12.2022"]
[Round "8.46"]
[White "Le, Tuan Minh"]
[Black "Adly, Ahmed"]
[Result "1-0"]
[WhiteTitle ""]
[BlackTitle ""]
[WhiteElo "2542"]
[BlackElo "2596"]
[WhiteFideId "12401153"]
[BlackFideId "10601619"]
[EventDate "29.12.2022"]

1. d4 Nf6 2. Nf3 e6 3. Bf4 b6 4. e3 Bb7 5. Bd3 d6 6. h3 Nbd7 7. Bh2 g6 8. a4 a6
9. O-O Ne4 10. Nbd2 f5 11. c3 Bg7 12. Qb3 Qe7 13. Bc4 e5 14. Bd5 Nxd2 15. Nxd2
c6 16. Be6 Nf8 17. Bc4 d5 18. Be2 Nd7 19. Nf3 e4 20. Nd2 O-O 21. c4 f4 22. cxd5
cxd5 23. Rac1 fxe3 24. fxe3 Rxf1+ 25. Nxf1 Rf8 26. Rc7 Ba8 27. Bxa6 Qe6 28. Qd1
Bh6 29. Bc8 Rd8 30. Bxd7 Rxd7 31. Rc8+ Kg7 32. Rxa8 Bg5 33. Qg4 Qxg4 34. hxg4 h5
35. gxh5 gxh5 36. Rb8 Ra7 37. b3 Ra6 38. Bc7 b5 39. Rxb5 Rc6 40. Rc5 Rg6 41.
Rxd5 h4 42. Be5+ Kf8 43. Bf4 Be7 44. Kh2 Rb6 45. Nd2 Rc6 46. Nxe4 Rc2 47. Bd6 h3
48. Kxh3 Re2 49. Rf5+ Kg8 50. Rf3 Bd8 51. Rf8+ Kg7 52. Rxd8 Rxe3+ 53. Ng3 Rxb3
54. a5 Rb5 55. Ra8 Kf6 56. a6 Ra5 57. a7 Ke6 58. Re8+ Kd7 59. a8=Q 1-0

[Event "Mondiale Lampo FIDE 2022"]
[Site "Alma Ata"]
[Date "29.12.2022"]
[Round "8.47"]
[White "Bologan, Victor"]
[Black "Tsydypov, Zhamsaran"]
[Result "0-1"]
[WhiteTitle ""]
[BlackTitle ""]
[WhiteElo "2574"]
[BlackElo "2534"]
[WhiteFideId "13900048"]
[BlackFideId "4108566"]
[EventDate "29.12.2022"]

1. e4 g6 2. d4 Bg7 3. Nf3 d6 4. Bd3 Nf6 5. O-O O-O 6. c3 Nc6 7. Be3 e5 8. Nbd2
Ng4 9. Bg5 f6 10. Bh4 Kh8 11. Re1 Qe8 12. h3 Nh6 13. Nc4 g5 14. Bg3 g4 15. hxg4
Bxg4 16. Be2 f5 17. dxe5 f4 18. Bh4 dxe5 19. Bg5 Ng8 20. Nh2 Be6 21. Bh5 Bf7 22.
Bxf7 Qxf7 23. Nd2 Bf6 24. Ndf3 h6 25. Bxf6+ Nxf6 26. Nh4 Rg8 27. Qf3 Nh7 28. Kh1
Ng5 29. Qe2 Ne7 30. Rad1 Qe6 31. f3 Rg7 32. Qb5 Rb8 33. Qd7 Qb6 34. b3 Qf2 35.
Nf5 Nxf5 36. Qxf5 Nxe4 37. Qh3 Ng3+ 0-1

[Event "Mondiale Lampo FIDE 2022"]
[Site "Alma Ata"]
[Date "29.12.2022"]
[Round "8.48"]
[White "Anton Guijarro, David"]
[Black "Vakhidov, Jakhongir"]
[Result "1/2-1/2"]
[WhiteTitle ""]
[BlackTitle ""]
[WhiteElo "2675"]
[BlackElo "2607"]
[WhiteFideId "2285525"]
[BlackFideId "14201801"]
[EventDate "29.12.2022"]

1. Nf3 c5 2. c4 g6 3. Nc3 Bg7 4. e3 Nf6 5. d4 cxd4 6. exd4 d5 7. Qb3 dxc4 8.
Bxc4 O-O 9. O-O Nc6 10. Ne5 e6 11. Nxc6 bxc6 12. Rd1 Nd5 13. Ne4 Qb6 14. Qd3 a5
15. b3 a4 16. Ba3 Rd8 17. Bc5 Qc7 18. b4 e5 19. Bxd5 Rxd5 20. Qg3 Bf5 21. Nc3
Rd7 22. d5 a3 23. Rac1 Qb7 24. d6 Be6 25. Qe3 h6 26. Rd2 Kh7 27. Rcd1 Qa6 28.
Qf3 f5 29. Ne2 Bd5 30. Qe3 Rf8 31. Rd3 Bxa2 32. Rxa3 Qc4 33. Rc1 Qe6 34. Qd2 Bc4
35. f3 Rff7 36. Ng3 e4 37. fxe4 f4 38. Nf1 Qxe4 39. Re1 Qf5 40. Rf3 Bd5 41. Rf2
g5 42. Qe2 Qg6 43. Nd2 g4 44. Qe8 g3 45. hxg3 fxg3 46. Rxf7 Rxf7 47. d7 Bf6 48.
Qe3 Bd8 49. Qe8 Bc7 50. Nf3 Bxf3 51. gxf3 Qf6 52. Qxf7+ Qxf7 53. Re7 Kg6 54.
Rxf7 Kxf7 55. Kg2 Ke6 56. d8=Q Bxd8 57. Kxg3 Ke5 1/2-1/2

[Event "Mondiale Lampo FIDE 2022"]
[Site "Alma Ata"]
[Date "29.12.2022"]
[Round "8.49"]
[White "Ter-Sahakyan, Samvel"]
[Black "Damjanovic, Vuk"]
[Result "1/2-1/2"]
[WhiteTitle ""]
[BlackTitle ""]
[WhiteElo "2605"]
[BlackElo "2361"]
[WhiteFideId "13302531"]
[BlackFideId "980021"]
[EventDate "29.12.2022"]

1. e4 e5 2. Nf3 Nc6 3. Bb5 a6 4. Ba4 Bc5 5. c3 Nge7 6. d4 exd4 7. cxd4 Bb4+ 8.
Bd2 Bxd2+ 9. Qxd2 d5 10. exd5 Qxd5 11. Nc3 Qe6+ 12. Qe3 O-O 13. O-O Qd6 14. Rad1
Nb4 15. Ne5 Nbd5 16. Qf3 Nf6 17. Bb3 c6 18. Ne4 Nxe4 19. Nxf7 Nd5 20. Nxd6 Rxf3
21. Nxe4 Rf8 22. Nc5 b6 23. Nd3 Be6 24. Rfe1 Rfe8 25. Ne5 Nb4 26. Bxe6+ Rxe6 27.
a3 Nd5 28. Nf3 Rae8 29. Re5 Rxe5 30. dxe5 h6 31. g3 Kf7 32. b4 Re7 33. Kg2 Ke8
34. Nd4 Kd7 35. e6+ Kc7 36. Rc1 c5 37. bxc5 b5 38. Kf3 g6 39. Ke4 Nf6+ 40. Kd3
Ng4 41. f3 Ne5+ 42. Ke4 Nc6 43. Nxc6 Rxe6+ 44. Kd5 Rxc6 45. Re1 Rf6 46. f4 Rf5+
47. Re5 Rf7 48. Re6 Rf5+ 49. Kd4 g5 50. Rxa6 gxf4 51. gxf4 Rxf4+ 52. Kd5 Rf5+
53. Kd4 Rf4+ 54. Ke5 Rh4 55. Kd5 Rh5+ 56. Kd4 Rxh2 57. Rg6 Rh4+ 58. Kd3 Rh5 59.
Kd4 Rh4+ 60. Kd5 Rh5+ 61. Kd4 Rh4+ 1/2-1/2

[Event "Mondiale Lampo FIDE 2022"]
[Site "Alma Ata"]
[Date "29.12.2022"]
[Round "8.50"]
[White "Donchenko, Alexander"]
[Black "Agmanov, Zhandos"]
[Result "1-0"]
[WhiteTitle ""]
[BlackTitle ""]
[WhiteElo "2636"]
[BlackElo "2442"]
[WhiteFideId "24603295"]
[BlackFideId "13708309"]
[EventDate "29.12.2022"]

1. Nf3 Nf6 2. c4 e6 3. Nc3 d5 4. e3 c5 5. cxd5 exd5 6. d4 Nc6 7. Bb5 cxd4 8.
Nxd4 Bd7 9. O-O Bd6 10. b3 O-O 11. Bb2 Rc8 12. Rc1 Qe7 13. Be2 Qe5 14. Nf3 Qh5
15. Nb5 Be7 16. Ne5 Qg5 17. Nxd7 Nxd7 18. Nd4 Bf6 19. Qd2 Rfd8 20. Rfd1 Nb6 21.
h3 Qh4 22. Bg4 Rc7 23. a4 h5 24. Nf3 hxg4 25. Nxh4 Bxh4 26. hxg4 Rcd7 27. a5 Nc8
28. a6 1-0

[Event "Mondiale Lampo FIDE 2022"]
[Site "Alma Ata"]
[Date "29.12.2022"]
[Round "8.51"]
[White "Makarian, Rudik"]
[Black "Moiseenko, Alexander"]
[Result "0-1"]
[WhiteTitle ""]
[BlackTitle ""]
[WhiteElo "2554"]
[BlackElo "2577"]
[WhiteFideId "44105681"]
[BlackFideId "14102560"]
[EventDate "29.12.2022"]

1. d3 d5 2. f4 g6 3. Nf3 Bg7 4. g3 Nf6 5. Bg2 O-O 6. O-O c5 7. Ne5 b6 8. e4 Bb7
9. Nc3 e6 10. Qe2 Nc6 11. Nxc6 Bxc6 12. e5 Nd7 13. Bd2 b5 14. Nd1 Qb6 15. Nf2 a5
16. g4 a4 17. g5 b4 18. Kh1 b3 19. cxb3 axb3 20. a3 Rfc8 21. Ng4 Bb5 22. Bc3 d4
23. Bd2 Qa6 24. Rf3 c4 25. dxc4 Bxc4 26. Qe1 Bd5 27. Rh3 Bxg2+ 28. Kxg2 Rc2 29.
Rd1 Qc6+ 30. Kg1 Rxb2 31. Qh4 Rxd2 32. Qxh7+ Kf8 33. Rxd2 Qc1+ 34. Kg2 Qxd2+ 35.
Kg3 Qe1+ 36. Nf2 b2 0-1

[Event "Mondiale Lampo FIDE 2022"]
[Site "Alma Ata"]
[Date "29.12.2022"]
[Round "8.52"]
[White "Nesterov, Arseniy"]
[Black "Sarana, Alexey"]
[Result "1-0"]
[WhiteTitle ""]
[BlackTitle ""]
[WhiteElo "2573"]
[BlackElo "2668"]
[WhiteFideId "24198455"]
[BlackFideId "24133795"]
[EventDate "29.12.2022"]

1. d4 Nf6 2. c4 e6 3. Nf3 d5 4. Nc3 Nbd7 5. cxd5 exd5 6. Bg5 Bb4 7. e3 h6 8.
Bxf6 Qxf6 9. Bd3 c6 10. O-O O-O 11. a3 Bd6 12. b4 Nb6 13. Re1 Be6 14. e4 dxe4
15. Nxe4 Qd8 16. Nc5 Bxc5 17. dxc5 Nd5 18. Nd4 Qf6 19. Nxe6 fxe6 20. Qc2 Rad8
21. g3 Nc7 22. Rad1 Rd4 23. Bh7+ Kh8 24. Rxd4 Qxd4 25. Rd1 Qe5 26. Bd3 Rd8 27.
Bc4 Rxd1+ 28. Qxd1 Nd5 29. Qf3 Kg8 30. Kg2 Qd4 31. Bd3 Nf6 32. Bc2 Kf7 33. h4
Qb2 34. Qd3 Qe5 35. Bb3 Nd5 36. Qf3+ Ke7 37. Bc2 Qb2 38. Bg6 Nf6 39. Qd3 Qe5 40.
Kg1 Nd5 41. Kg2 a6 42. Qf3 Nf6 43. Qd3 a5 44. Qf3 axb4 45. axb4 Qd4 46. Qb3 Nd5
47. Qf3 Qf6 48. Qe4 Qc3 49. Bh5 Nf6 50. Qg6 Nxh5 51. Qxh5 Qxb4 52. Qe5 Kf7 53.
Qc7+ Kg6 54. Qe7 Qe4+ 55. Kg1 Qd5 56. Qe8+ Kf6 57. Qf8+ Kg6 58. Qe8+ Kh7 59. Qe7
Qf5 60. Kg2 h5 61. Kg1 Qd5 62. Kh2 Kg6 63. Qe8+ Kh7 64. Qe7 Qe5 65. Kg1 Qf5 66.
Kg2 Kg6 67. Kg1 Qf7 68. Qd6 Kh6 69. Qd2+ Kh7 70. Qd6 Qf5 71. Qe7 Kg6 72. Kg2
Qd5+ 73. Kg1 e5 74. Qe8+ Kf6 75. Qf8+ Qf7 76. Qd6+ Kf5 77. Qd3+ Ke6 78. Qb3+ Kf6
79. Qf3+ Ke7 80. Qe3 Qd5 81. Qg5+ Kf8 82. Qf5+ Kg8 83. Qc8+ Kf7 84. Qxb7+ Kf6
85. Qb6 e4 86. Qb2+ Kf7 87. Qb7+ Kf6 88. Qb2+ Kg6 89. Qb6 Kf5 90. Qa7 Kf6 91.
Qb6 g6 92. Qa7 Ke6 93. Qg7 Kf5 94. Qf8+ Ke5 95. Qg7+ Kf5 96. Qf8+ Ke6 97. Qe8+
Kf6 98. Qf8+ Qf7 99. Qd6+ Qe6 100. Qf8+ Ke5 101. Qd8 Qf6 102. Qd7 e3 103. fxe3
Ke4 104. Qd6 Qa1+ 105. Kg2 Qa2+ 106. Kh3 Qd5 107. Qxg6+ Kxe3 108. Qg5+ Ke4 109.
Qxd5+ Kxd5 110. g4 hxg4+ 111. Kxg4 Kxc5 112. h5 Kd4 113. h6 Kd5 1-0